Hory roků /

Main Author: Slavík, Ivan, 1920-2002
Other Authors: Zizler, Jiří, 1963-, Trávníček, Mojmír, 1931-2011
Language: Czech
Published: Praha : Triáda, 1999
Edition: Vyd. 1.
Series: Delfín (Triáda)
Physical Description: 596 s. ; 19 cm
Book
Saved in:
LEADER 01435nam a2200373 a 4500
001 000564756
003 CZ BrMZK
005 20080613121600.0
007 ta
008 000115s1999 xr cze d
015 |a cnb000694039 
020 |a 80-86138-08-9 
035 |a (OCoLC)44727933 
040 |a BOA001  |b cze 
080 |a 81'255.4-051(437.3)  |2 MRF 
080 |a 821.162.3-051  |2 MRF 
080 |a 929 Slavík, Ivan  |2 MRF 
100 1 |a Slavík, Ivan,  |d 1920-2002  |7 jk01111857 
245 1 0 |a Hory roků /  |c Ivan Slavík ; [vybrali autor, Mojmír Trávníček a Jiří Zizler ; k vydání připravil, doslov a ediční poznámku napsal Jiří Zizler] 
250 |a Vyd. 1. 
260 |a Praha :  |b Triáda,  |c 1999 
300 |a 596 s. ;  |c 19 cm 
490 1 |a Delfín ;  |v sv. 18 
504 |a Obsahuje rejstřík 
653 0 |a Slavík, Ivan 1920-  |a čeští spisovatelé  |a čeští překladatelé 
655 7 |a deníky  |7 fd132006  |2 czenas 
700 1 |a Zizler, Jiří,  |d 1963-  |7 js20021104011  |4 com 
700 1 |a Trávníček, Mojmír,  |d 1931-2011  |7 jn99240001204  |4 com 
830 0 |a Delfín (Triáda)  |0 s 
910 |a BOA001  |b 1-1087.285 
964 |a Slavík  |b Ivan  |f 1920-  |x deníky  |x výbory  |z r. 1960-1990 
990 |a BK 
996 6 |b 2610137687  |c 1-1087.285  |l MZK  |r Sklad / do 1 hodiny  |n 7  |p p.v.  |w 000564756  |u 000010  |a 1  |e BOA001  |j MZK50  |s P 
996 7 |b 2610592609  |c 1-1087.285  |l MZK  |r Sklad / do 1 hodiny  |n 8  |p dar  |w 000564756  |u 000020  |a 1  |e BOA001  |j MZK50  |s A